00704nam a2200241Ia 4500008004000000020001800040041000800058082001700066100002200083245003900105260004600144300001000190650000700200650001000207650001100217650001200228650001100240650000800251690001900259906001100278999001900289952015400308210210b2010 xxu||||| |||| 00| 0 eng d a9780195662658 aeng a954.022 EATE aEATON (Richard M) aEssays on islam and Indian history aNew DelhibOxford University Pressc2010 ax,275 aon aislam aIndian ahistory aEssays aand aIndian History a064476 c141454d141454 001040708HistoryaALbALcHistoryd2021-02-17eKnowledge World, Bangalore-18g350.00l0o954.022 EATEp064476r2021-02-17 00:00:00w2021-02-17yBK